000 00321nam a22001457a 4500
003 SGT
082 _aBAN 530
100 _aBANERJI, SRIRAJAN
245 _aTHE SPECIAL THEORY OF RELATIVITY
250 _a1ST
260 _aNEW DELHI
_bPHI
_c2016
300 _a230
650 _aPHYSICS, RELATIVITY
942 _2ddc
_cFPS
_04
999 _c10093
_d10093